Piłkarze Reprezentacji Ghany - nagła śmierć - Statystyki

Ogólne statystyki
  • Ten quiz został rozwiązany 37 razy
  • Średni wynik to 6 z 13
Answers on the Grid
Answers color-coded by a green-red scale on the quiz's grid according to % correct below.
Ogenyi Onazi
André Ayew
Jérôme Boateng
Thomas Partey
Asamoah Gyan
Quincy Promes
Sulley Muntari
Fatau Dauda
Nico Williams
Michael Essien
Mohammed Kudus
Nicolas Jackson
Kevin-Prince Boateng
Wakaso Mubarak
Patson Daka
Afriyie Acquah
Iñaki Williams
Alex Song
Baba Rahman
Emmanuel Agyemang-Badu
 
Statystyki odpowiedzi
Odpowiedź % Poprawnych
André Ayew
68%
Asamoah Gyan
68%
Michael Essien
65%
Kevin-Prince Boateng
59%
Thomas Partey
59%
Mohammed Kudus
53%
Iñaki Williams
50%
Sulley Muntari
47%
Emmanuel Agyemang-Badu
29%
Afriyie Acquah
26%
Wakaso Mubarak
26%
Baba Rahman
24%
Fatau Dauda
18%
Nie znaleziono quizów pasujących do podanych kryteriów
Rozkład punktacji
Procent ludzi z każdym wynikiem
Percentyl według liczby udzielonych odpowiedzi
Twoja historia wyników
Nie rozwiązałeś tego quizu